| 000 | 00629nam a2200205Ia 4500 | ||
|---|---|---|---|
| 001 | 7525 | ||
| 003 | GE_BSU | ||
| 008 | 181216s||||||||xx |||||||||||||| ||und|| | ||
| 040 | _cGE_BSU | ||
| 080 | _a621.867(075.8) | ||
| 100 | _aЗенков,Р.Л. Ивашков,И.И. Колобов,Л.Н. | ||
| 245 | _aМашины непрерывного транспорта. | ||
| 245 | _cРед. Ю.Н.Макарова. | ||
| 260 | _aМ. | ||
| 260 | _bМашиностроение. | ||
| 260 | _c1980. | ||
| 300 | _a304стр.22см.с илл. | ||
| 653 | _aМашины непрерывного транспорта. | ||
| 942 | _cBK | ||
| 999 |
_c40881 _d40881 |
||